00382nam a2200145Ia 4500003000400000005001700004008004100021040000900062082001500071100002600086245006200112260003200174300000800206650002200214OSt20200320110739.0190216s9999||||xx |||||||||||||| ||und|| coclc a320bNAI/P aNair, R Ramakrishnan  0aPolitical Ideas Of Swadesabhimani /c R Ramakrishnan Nair bThe Kerala Accademy,c1975. a41p aPolitical Science